|
|
|
|
| LEADER |
00000nab a2200000 a 4500 |
| 001 |
vtls009625217 |
| 003 |
SK-MaSNL |
| 005 |
20260319071011.0 |
| 008 |
090707|2009 xo m| | |00 0|hun |
| 038 |
|
|
|a KEVKJB
|
| 040 |
|
|
|a KEVKJB
|b slo
|c KEVKJB
|e AACR2
|
| 041 |
0 |
|
|a hun
|
| 044 |
|
|
|a xo
|c SK
|
| 080 |
|
|
|a 329.1/.6
|2 2001
|
| 245 |
0 |
0 |
|a Pillantás a hídról
|b beszélgetés Vladimír Ponickýval, a Szlovákia Régiói Pártja elnökével
|c [szerző] gyop
|
| 300 |
|
|
|b Fotogr.
|
| 610 |
2 |
7 |
|a Strana regiónov Slovenska
|2 kevkjb
|9 1053447
|
| 650 |
0 |
7 |
|a politické strany
|z Slovensko
|2 kevkjb
|9 69006
|
| 651 |
|
7 |
|a Košice (Slovensko)
|2 kevkjb
|9 18694
|
| 655 |
|
7 |
|a rozhovory
|2 kevkjb
|9 31831
|
| 700 |
1 |
|
|a Ponický, Vladimír
|4 ive
|4 aut
|9 627571
|
| 773 |
0 |
|
|t Kassai Figyelő
|g Évf. VII, sz. 7 (2009), o. 9
|
| 852 |
|
|
|a KEVKJB
|b KIS3GCP
|
| 958 |
|
|
|a HU
|
| 999 |
|
|
|c 1731721
|d 1733651
|